| 000 | 00552nam a22001577a 4500 | ||
|---|---|---|---|
| 003 | ASAB | ||
| 005 | 20180827062834.0 | ||
| 008 | 180510t xxu||||| |||| 00| 0 eng d | ||
| 040 | _cASAB | ||
| 100 |
_aAZHAR MASSOOD QURESHI-Sup-Dr, Muhammad Ashraf _93849 |
||
| 245 |
_aTH-MS-Antimicrobial Activity of Artemisia Extracts Made Through Homeopathic System of Medicine _cAZHAR MASSOOD QURESHI-Sup-Dr, Muhammad Ashraf |
||
| 260 |
_aIslamabad _bASAB (NCVI) _c2012 |
||
| 300 |
_axv, 71 P _b30 cm |
||
| 630 |
_aVirology and Immunology _93850 |
||
| 942 |
_2ddc _cTH |
||
| 999 |
_c480825 _d480825 |
||